Corrente de países - Statistics

Estatísticas Gerais
  • Esse quiz foi jogado 111 vezes
  • A pontuação média é 7 de 15
Estatísticas das Respostas
Países % Correto
Gua{te}mala
98%
Malá{si}a
98%
Na{ur}u
71%
{Nicará}gua
63%
Ha{it}i
61%
Í{ndi}a
53%
La{o}s
44%
S{uí}ça
44%
U{zbequistã}o
44%
A{leman}ha
34%
A{rgenti}na
26%
Es{tônia}
25%
Omã
24%
Ca{marõ}es
18%
A{ngo}la
10%
Nenhum quiz correspondente encontrado
Distribuição das Pontuações
Porcentagem de Pessoas com Cada Pontuação
Percentil de Números Respondidos
Sua Pontuação Histórica
Você não jogou esse quiz